000 00967nam a2200181Ia 4500
008 100921s9999 xx 000 0 und d
082 _b42531
_a891.463 न 08
100 _aगार्डनर अर्ल स्टॅनले,अनु, आफळे ज्योती.
245 _aक्षण क्षण मृत्यु.(द केस ऑफ ड्राऊझी मोस्किटो).
260 _bज्ञानदत्त प्रकाशन,पुणे.
_c2008
300 _a176
_bकलाभारती वितरण,पुणे
365 _b170
520 _aललित-कादंबरी.
630 _aक्षण क्षण मृत्यु.(द केस ऑफ ड्राऊझी मोस्किटो).
650 _aललित-कादंबरी.
730 _aक्षण क्षण मृत्यु.(द केस ऑफ ड्राऊझी मोस्किटो).
942 _cBOOK
999 _c791644
_d791641